Status and perspectives of culturing catfishes in east and Southeast Asia

Introductions of exotic catfishes over the past decades were not particularly successful in Asia, with one notable exception,..

Сохранить в:
Библиографические подробности
Главный автор: Csavas, Imre
Формат:
Язык:Undetermined
Опубликовано: Bangkok FAO 1995
Предметы:
Метки: Добавить метку
Нет меток, Требуется 1-ая метка записи!
Thư viện lưu trữ: Trung tâm Học liệu Trường Đại học Cần Thơ
LEADER 00654nam a2200193Ia 4500
001 CTU_149947
008 210402s9999 xx 000 0 und d
082 |a 338.371 
082 |b C958 
100 |a Csavas, Imre 
245 0 |a Status and perspectives of culturing catfishes in east and Southeast Asia 
245 0 |c Imre Csavas 
260 |a Bangkok 
260 |b FAO 
260 |c 1995 
520 |a Introductions of exotic catfishes over the past decades were not particularly successful in Asia, with one notable exception,.. 
650 |a Aquaculture,Freshwater fishes 
904 |i Năm 
980 |a Trung tâm Học liệu Trường Đại học Cần Thơ